000 00910nam a2200301Ia 4500
003 OSt
005 20221007123321.0
006 a|||||r|||| 00| 0
007 ta
008 221006b |||||||| |||| 00| 0 eng d
020 _a0387985891 (hbd)
_c98.00
024 _a6406
037 _bOverseas,
_cTextual
040 _aPAPL
_cPAPL
_beng
041 _2eng
_aeng
082 _aC9B36, N9 Carpa
100 _aKaku Michio
_9332132
245 0 _aIntroduction to superstrings and M-Theory
250 _a2
260 _aNew
_bYork Springer-Verlag
_c1999
300 _axi,587p
_ccm.
490 _aGraduate texts in contemporary physics
500 _aAppendix A.1-A.6, 545-579p; Bibliographical references 579-580p; Index 581-587p
650 _a Particle
650 _aPhysics
942 _hC9B36, N9 Carpa
_cTEXL
_2CC
999 _c1211685
_d1211685